The lease has ended; the litigation has just begun (Record no. 60264)
[ view plain ]
| 000 -LEADER | |
|---|---|
| fixed length control field | 00945cam a2200265 4500 |
| 001 - CONTROL NUMBER | |
| control field | ABS61398 |
| 008 - FIXED-LENGTH DATA ELEMENTS--GENERAL INFORMATION | |
| fixed length control field | 000000n1999 000 0 eng u |
| 035 ## - SYSTEM CONTROL NUMBER | |
| System control number | (Sirsi) u100972 |
| 100 ## - MAIN ENTRY--PERSONAL NAME | |
| Personal name | Vivian, J. |
| 245 #4 - TITLE STATEMENT | |
| Title | The lease has ended; the litigation has just begun |
| 260 ## - PUBLICATION, DISTRIBUTION, ETC. | |
| Date of publication, distribution, etc. | 1999 |
| 490 ## - SERIES STATEMENT | |
| Series statement | Property Week |
| Volume/sequential designation | 64(36) 17 September 1999, 64-65(2) |
| 520 ## - SUMMARY, ETC. | |
| Summary, etc. | Illustrates the difficulties of establishing the date of a lease's expiry. Looks at the end of a period of tenancy and the obligations of the tenant and remedies available to the landlord. |
| 590 ## - LOCAL NOTE (RLIN) | |
| Local note | ABS |
| 650 ## - SUBJECT ADDED ENTRY--TOPICAL TERM | |
| Topical term or geographic name entry element | BUSINESS TENANCIES |
| 650 ## - SUBJECT ADDED ENTRY--TOPICAL TERM | |
| Topical term or geographic name entry element | EXPIRY |
| 650 ## - SUBJECT ADDED ENTRY--TOPICAL TERM | |
| Topical term or geographic name entry element | OBLIGATIONS |
| 650 ## - SUBJECT ADDED ENTRY--TOPICAL TERM | |
| Topical term or geographic name entry element | REMEDIES |
| 650 ## - SUBJECT ADDED ENTRY--TOPICAL TERM | |
| Topical term or geographic name entry element | ESSELTE AB & ANOTHER V PEARL INSURANCE |
| 650 ## - SUBJECT ADDED ENTRY--TOPICAL TERM | |
| Topical term or geographic name entry element | BALLARD (KENT) LTD V OLIVER ASHWORTH (HOLDINGS) LTD |
| 650 ## - SUBJECT ADDED ENTRY--TOPICAL TERM | |
| Topical term or geographic name entry element | LANDLORD AND TENANT ACT 1954 |
| 690 ## - LOCAL SUBJECT ADDED ENTRY--TOPICAL TERM (OCLC, RLIN) | |
| Topical term or geographic name as entry element | LANDLORD AND TENANT-BUSINESS TENANCIES |
| 700 ## - ADDED ENTRY--PERSONAL NAME | |
| Personal name | White, G. |
| 942 ## - ADDED ENTRY ELEMENTS (KOHA) | |
| Suppress in OPAC | 0 |
| Withdrawn status | Lost status | Source of classification or shelving scheme | Damaged status | Not for loan | Home library | Current library | Shelving location | Date acquired | Total Checkouts | Full call number | Barcode | Date last seen | Copy number | Price effective from | Koha item type |
|---|---|---|---|---|---|---|---|---|---|---|---|---|---|---|---|
| Dewey Decimal Classification | London | London | Journal article | 27/10/1999 | ABS61398 | 100972-1001 | 06/08/2019 | 1 | 06/08/2019 | Journal article |